| 000 | 01108nmc a2200361 a 4500 | ||
|---|---|---|---|
| 003 | AR-BaBNM | ||
| 005 | 20251128211056.0 | ||
| 008 | 162020s1969 ||||||||||||||000 | spa|| | ||
| 040 | _cAR-BaBNM | ||
| 100 | 1 | _aLee, Gordon C. | |
| 245 | 1 | 0 | _aEducación e ideales democráticos |
| 250 | _a1ª ed. | ||
| 260 |
_aBuenos Aires _bPaidós _c1969 |
||
| 300 | 0 | _a246 p. | |
| 490 | 0 | _aBiblioteca del educador contemporáneo | |
| 500 | 0 | _aContiene: al final de cada capítulo sugerencias para la discusión y la investigación | |
| 504 | _aBibliografía al finallizar cada capítulo y bibliografía en castellano en p. 242 | ||
| 650 | 4 | _aEDUCACION | |
| 650 | 4 | _aFILOSOFIA DE LA EDUCACION | |
| 650 | 4 | _aDEMOCRACIA | |
| 650 | 4 | _aHISTORIA DE LA EDUCACION | |
| 650 | 4 | _aHUMANISMO | |
| 650 | 4 | _aEDUCACION CRISTIANA | |
| 651 | 4 | _aEstados Unidos | |
| 653 | 0 | _aEDUCACION DEMOCRATICA | |
| 653 | 0 | _aESCOLASTICA | |
| 653 | 0 | _aPRAGMATISMO | |
| 700 | 1 |
_aLeal, Carlos Aníbal _etraductor |
|
| 800 | 1 | _aRomero Brest, Gilda Lamarque de | |
| 800 | 1 | _aBernstein, Jaime | |
| 942 | _cBK | ||
| 998 | _calicia | ||
| 999 |
_c18116 _d18116 |
||